[Event "45th FIDE Chess Olympiad Open"]
[Site "Budapest, Hungary"]
[Date "2024.09.22"]
[Round "11"]
[White "Gontcharov, Serguei"]
[Black "Sihlongonyane, Sikhanyiso"]
[Result "0-1"]
[Board "313"]
[WhiteFideId "8800871"]
[BlackFideId "20700784"]
[WhiteTitle "CM"]
[BlackTitle "CM"]
[WhiteElo "1927"]
[BlackElo "1813"]
[WhiteTeam "Bermuda"]
[BlackTeam "Eswatini"]
[WhiteClock "0:15:48"]
[BlackClock "0:11:53"]
[Variant "Standard"]

1. e4 {[%clk 1:30:57]}  c5 {[%clk 1:28:01]} 2. Nf3 {[%clk 1:31:20]}  d6 {[%clk 1:28:25]} 3. d4 {[%clk 1:31:46]}  cxd4 {[%clk 1:28:51]} 4. Nxd4 {[%clk 1:32:14]}  Nf6 {[%clk 1:29:11]} 5. Nc3 {[%clk 1:32:41]}  a6 {[%clk 1:29:35]} 6. h3 {[%clk 1:33:07]}  e5 {[%clk 1:29:52]} 7. Nde2 {[%clk 1:33:32]}  Be6 {[%clk 1:30:07]} 8. g4 {[%clk 1:33:21]}  Be7 {[%clk 1:29:21]} 9. Bg2 {[%clk 1:33:44]}  b5 {[%clk 1:27:55]} 10. O-O {[%clk 1:32:22]}  O-O {[%clk 1:28:07]} 11. Ng3 {[%clk 1:32:43]}  g6 {[%clk 1:27:01]} 12. Kh1 {[%clk 1:27:46]}  Nbd7 {[%clk 1:23:57]} 13. Nd5 {[%clk 1:26:03]}  Bxd5 {[%clk 1:24:03]} 14. exd5 {[%clk 1:26:25]}  Nb6 {[%clk 1:22:56]} 15. f4 {[%clk 1:17:08]}  exf4 {[%clk 1:23:12]} 16. Bxf4 {[%clk 1:17:24]}  Nfd7 {[%clk 1:16:58]} 17. c3 {[%clk 1:12:09]}  Nc4 {[%clk 1:15:52]} 18. b3 {[%clk 1:01:07]}  Nce5 {[%clk 1:16:08]} 19. a4 {[%clk 0:59:09]}  Qc7 {[%clk 1:11:44]} 20. axb5 {[%clk 0:57:48]}  axb5 {[%clk 1:12:02]} 21. Qd4 {[%clk 0:57:39]}  Rfc8 {[%clk 1:01:16]} 22. Ne4 {[%clk 0:53:00]}  Ra5 {[%clk 0:51:54]} 23. Bd2 {[%clk 0:35:53]}  Rca8 {[%clk 0:44:57]} 24. Rxa5 {[%clk 0:36:09]}  Rxa5 {[%clk 0:44:50]} 25. c4 {[%clk 0:30:08]}  Ra2 {[%clk 0:45:15]} 26. cxb5 {[%clk 0:30:07]}  Qb7 {[%clk 0:44:52]} 27. Nc3 {[%clk 0:24:52]}  Ra3 {[%clk 0:28:17]} 28. b4 {[%clk 0:22:41]}  Qa7 {[%clk 0:23:45]} 29. Qxa7 {[%clk 0:16:25]}  Rxa7 {[%clk 0:24:13]} 30. Be4 {[%clk 0:10:57]}  Nc4 {[%clk 0:23:34]} 31. Bf4 {[%clk 0:09:56]}  Bf6 {[%clk 0:22:43]} 32. Ne2 {[%clk 0:09:56]}  g5 {[%clk 0:12:49]} 33. Bg3 {[%clk 0:06:26]}  Rb7 {[%clk 0:07:24]} 34. Bf5 {[%clk 0:06:38]}  Kg7 {[%clk 0:02:47]} 35. Rc1 {[%clk 0:06:21]}  Nde5 {[%clk 0:01:59]} 36. Nc3 {[%clk 0:06:01]}  Na3 {[%clk 0:01:59]} 37. Ne4 {[%clk 0:06:11]}  Nxb5 {[%clk 0:02:02]} 38. Bxe5 {[%clk 0:03:20]}  Bxe5 {[%clk 0:01:31]} 39. Nxg5 {[%clk 0:03:32]}  Bf4 {[%clk 0:01:42]} 40. Rc6 {[%clk 0:01:58]}  Bxg5 {[%clk 0:02:06]} 41. Bd3 {[%clk 0:02:05]}  Bf4 {[%clk 0:01:49]} 42. Kg2 {[%clk 0:28:16]}  Nd4 {[%clk 0:31:22]} 43. Rc4 {[%clk 0:27:54]}  Be5 {[%clk 0:31:50]} 44. Kf2 {[%clk 0:27:27]}  Nb5 {[%clk 0:30:27]} 45. g5 {[%clk 0:25:02]}  Bd4+ {[%clk 0:27:26]} 46. Kf3 {[%clk 0:25:10]}  f6 {[%clk 0:23:20]} 47. h4 {[%clk 0:25:20]}  Be5 {[%clk 0:20:30]} 48. Rg4 {[%clk 0:25:04]}  Nc3 {[%clk 0:19:01]} 49. gxf6+ {[%clk 0:24:30]}  Kxf6 {[%clk 0:19:29]} 50. Rg8 {[%clk 0:22:50]}  Rxb4 {[%clk 0:17:58]} 51. Bxh7 {[%clk 0:19:49]}  Rxh4 {[%clk 0:17:58]} 52. Bc2 {[%clk 0:19:17]}  Rh3+ {[%clk 0:17:40]} 53. Kf2 {[%clk 0:19:40]}  Rh2+ {[%clk 0:15:52]} 54. Rg2 {[%clk 0:20:01]}  Nxd5 {[%clk 0:15:19]} 55. Rxh2 {[%clk 0:20:15]}  Bxh2 {[%clk 0:15:45]} 56. Be4 {[%clk 0:20:04]}  Ke5 {[%clk 0:14:57]} 57. Bh1 {[%clk 0:19:36]}  Kd4 {[%clk 0:14:45]} 58. Ke2 {[%clk 0:19:32]}  Nc3+ {[%clk 0:14:42]} 59. Kf3 {[%clk 0:16:44]}  Ne4 {[%clk 0:14:40]} 60. Bg2 {[%clk 0:17:04]}  d5 {[%clk 0:14:02]} 61. Kg4 {[%clk 0:17:18]}  Ke3 {[%clk 0:13:56]} 62. Kf5 {[%clk 0:17:22]}  Ng3+ {[%clk 0:12:36]} 63. Kg4 {[%clk 0:17:33]}  d4 {[%clk 0:13:02]} 64. Bc6 {[%clk 0:17:46]}  d3 {[%clk 0:11:38]} 65. Kh3 {[%clk 0:18:00]}  d2 {[%clk 0:11:54]} 66. Ba4 {[%clk 0:18:21]}  Nf1 {[%clk 0:12:11]} 67. Kg2 {[%clk 0:18:31]}  Ke2 {[%clk 0:12:38]} 68. Bb5+ {[%clk 0:18:38]}  Ke1 {[%clk 0:12:40]} 69. Ba4 {[%clk 0:19:01]}  Bc7 {[%clk 0:12:50]} 70. Kf3 {[%clk 0:19:21]}  Bb6 {[%clk 0:13:03]} 71. Ke4 {[%clk 0:19:35]}  Ke2 {[%clk 0:12:31]} 72. Bb5+ {[%clk 0:19:55]}  Kd1 {[%clk 0:12:44]} 73. Kd3 {[%clk 0:20:03]}  Kc1 {[%clk 0:13:06]} 74. Ba4 {[%clk 0:20:23]}  Ne3 {[%clk 0:13:07]} 75. Bb3 {[%clk 0:19:41]}  Nd1 {[%clk 0:13:19]} 76. Ke2 {[%clk 0:18:54]}  Nb2 {[%clk 0:12:13]} 77. Kf3 {[%clk 0:16:02]}  Nd3 {[%clk 0:11:03]} 78. Ke2 {[%clk 0:15:34]}  Nc5 {[%clk 0:11:29]} 79. Bd1 {[%clk 0:15:48]}  Ba5 {[%clk 0:11:53]} 0-1

[Event "45th FIDE Chess Olympiad Open"]
[Site "Budapest, Hungary"]
[Date "2024.09.22"]
[Round "11"]
[White "Mbongeni, Mabuza"]
[Black "Lill, Sami"]
[Result "1-0"]
[Board "314"]
[WhiteFideId "20700113"]
[BlackFideId "8800170"]
[BlackTitle "CM"]
[WhiteElo "1784"]
[BlackElo "1902"]
[WhiteTeam "Eswatini"]
[BlackTeam "Bermuda"]
[WhiteClock "0:48:35"]
[BlackClock "0:00:32"]
[Variant "Standard"]

1. d4 {[%clk 1:30:34]}  Nf6 {[%clk 1:30:44]} 2. c4 {[%clk 1:30:54]}  e6 {[%clk 1:31:07]} 3. Nf3 {[%clk 1:31:18]}  d5 {[%clk 1:31:22]} 4. g3 {[%clk 1:31:43]}  Be7 {[%clk 1:31:10]} 5. Bg2 {[%clk 1:32:07]}  O-O {[%clk 1:31:23]} 6. cxd5 {[%clk 1:31:25]}  exd5 {[%clk 1:30:22]} 7. O-O {[%clk 1:31:46]}  h6 {[%clk 1:28:19]} 8. Ne5 {[%clk 1:31:06]}  Nbd7 {[%clk 1:27:06]} 9. f4 {[%clk 1:31:06]}  c6 {[%clk 1:24:48]} 10. Nc3 {[%clk 1:30:24]}  a6 {[%clk 1:20:02]} 11. Qd3 {[%clk 1:28:55]}  Re8 {[%clk 1:16:29]} 12. b3 {[%clk 1:28:37]}  Bb4 {[%clk 1:12:17]} 13. Bb2 {[%clk 1:28:33]}  Rb8 {[%clk 1:09:39]} 14. e3 {[%clk 1:28:28]}  Qc7 {[%clk 1:07:15]} 15. a3 {[%clk 1:28:30]}  Bd6 {[%clk 1:05:59]} 16. Rac1 {[%clk 1:28:06]}  Qd8 {[%clk 1:04:58]} 17. h3 {[%clk 1:20:16]}  Qe7 {[%clk 1:01:22]} 18. b4 {[%clk 1:17:31]}  Nb6 {[%clk 0:59:42]} 19. Kh2 {[%clk 1:15:40]}  Nfd7 {[%clk 0:50:50]} 20. Rce1 {[%clk 1:12:44]}  Nf8 {[%clk 0:49:06]} 21. Bc1 {[%clk 1:10:09]}  f6 {[%clk 0:44:34]} 22. Nf3 {[%clk 1:06:56]}  g6 {[%clk 0:36:40]} 23. e4 {[%clk 1:06:12]}  Qg7 {[%clk 0:34:49]} 24. e5 {[%clk 1:03:04]}  Bf5 {[%clk 0:32:33]} 25. Qd1 {[%clk 1:00:36]}  Bc7 {[%clk 0:30:41]} 26. g4 {[%clk 0:56:57]}  Bd7 {[%clk 0:29:40]} 27. Qd3 {[%clk 0:52:54]}  f5 {[%clk 0:23:50]} 28. gxf5 {[%clk 0:52:47]}  Bxf5 {[%clk 0:23:53]} 29. Qe2 {[%clk 0:52:18]}  Qe7 {[%clk 0:20:50]} 30. Rg1 {[%clk 0:51:38]}  Ne6 {[%clk 0:18:37]} 31. Qf2 {[%clk 0:50:26]}  Bd8 {[%clk 0:16:49]} 32. Bf1 {[%clk 0:49:50]}  Kh7 {[%clk 0:16:00]} 33. Qe3 {[%clk 0:45:55]}  Nd7 {[%clk 0:14:07]} 34. Bd3 {[%clk 0:46:00]}  Ng7 {[%clk 0:12:35]} 35. Ne2 {[%clk 0:45:14]}  Qe6 {[%clk 0:09:23]} 36. Rg2 {[%clk 0:30:04]}  Nf8 {[%clk 0:05:59]} 37. Reg1 {[%clk 0:30:00]}  Rc8 {[%clk 0:03:04]} 38. Ng3 {[%clk 0:28:16]}  Rc7 {[%clk 0:01:18]} 39. h4 {[%clk 0:27:59]}  Rf7 {[%clk 0:00:34]} 40. h5 {[%clk 0:27:52]}  Bxd3 {[%clk 0:00:32]} 41. Qxd3 {[%clk 0:26:23]}  Kh8 {[%clk 0:24:22]} 42. hxg6 {[%clk 0:53:41]}  Nxg6 {[%clk 0:19:13]} 43. f5 {[%clk 0:52:08]}  Nxf5 {[%clk 0:12:48]} 44. Nxf5 {[%clk 0:48:49]}  Rxf5 {[%clk 0:07:49]} 45. Rxg6 {[%clk 0:49:10]}  Rh5+ {[%clk 0:07:53]} 46. Kg2 {[%clk 0:49:20]}  Qh3+ {[%clk 0:07:41]} 47. Kf2 {[%clk 0:49:37]}  Bh4+ {[%clk 0:01:43]} 48. Ke2 {[%clk 0:49:03]}  Rf8 {[%clk 0:01:05]} 49. Bxh6 {[%clk 0:48:16]}  Re8 {[%clk 0:00:32]} 50. Bg7+ {[%clk 0:48:35]}  Kh7 {[%clk 0:00:34]} 51. R6g5+ {[%clk 0:48:26]}  Kg8 {[%clk 0:00:32]} 52. Rxh5 {[%clk 0:48:35]} 1-0

[Event "45th FIDE Chess Olympiad Open"]
[Site "Budapest, Hungary"]
[Date "2024.09.22"]
[Round "11"]
[White "Gontcharov, Dimitri"]
[Black "Nxumalo, Vuyo"]
[Result "1-0"]
[Board "315"]
[WhiteFideId "8800979"]
[BlackFideId "20700253"]
[WhiteElo "1653"]
[BlackElo "1746"]
[WhiteTeam "Bermuda"]
[BlackTeam "Eswatini"]
[WhiteClock "0:30:51"]
[BlackClock "0:21:53"]
[Variant "Standard"]

1. e4 {[%clk 1:30:56]}  e5 {[%clk 1:30:47]} 2. Nf3 {[%clk 1:31:13]}  Nc6 {[%clk 1:30:55]} 3. d4 {[%clk 1:31:30]}  exd4 {[%clk 1:31:10]} 4. Nxd4 {[%clk 1:31:48]}  Bc5 {[%clk 1:31:13]} 5. Be3 {[%clk 1:32:04]}  Qf6 {[%clk 1:31:07]} 6. c3 {[%clk 1:32:18]}  Nge7 {[%clk 1:30:24]} 7. Bc4 {[%clk 1:32:09]}  Ne5 {[%clk 1:29:59]} 8. Be2 {[%clk 1:32:23]}  d6 {[%clk 1:29:59]} 9. O-O {[%clk 1:31:16]}  h5 {[%clk 1:29:24]} 10. Nb5 {[%clk 1:24:04]}  O-O {[%clk 1:24:54]} 11. Bxc5 {[%clk 1:23:57]}  dxc5 {[%clk 1:25:11]} 12. Nxc7 {[%clk 1:23:22]}  Rb8 {[%clk 1:24:30]} 13. Nd5 {[%clk 1:20:09]}  Nxd5 {[%clk 1:24:21]} 14. Qxd5 {[%clk 1:20:07]}  b6 {[%clk 1:22:46]} 15. f4 {[%clk 1:18:43]}  Ng6 {[%clk 1:20:54]} 16. Qd2 {[%clk 1:12:00]}  Bb7 {[%clk 1:20:07]} 17. e5 {[%clk 1:11:43]}  Qh4 {[%clk 1:19:05]} 18. Na3 {[%clk 1:11:00]}  Rfd8 {[%clk 1:17:32]} 19. Qe3 {[%clk 1:11:16]}  Ne7 {[%clk 1:17:24]} 20. Rad1 {[%clk 1:09:19]}  Nf5 {[%clk 1:17:19]} 21. Qf2 {[%clk 1:08:35]}  g6 {[%clk 1:14:35]} 22. Qxh4 {[%clk 1:06:51]}  Nxh4 {[%clk 1:14:57]} 23. g3 {[%clk 1:05:45]}  Nf5 {[%clk 1:15:08]} 24. Kf2 {[%clk 1:05:52]}  Kg7 {[%clk 1:14:52]} 25. Nb5 {[%clk 1:02:12]}  a6 {[%clk 1:14:50]} 26. Nc7 {[%clk 1:01:48]}  b5 {[%clk 1:13:38]} 27. Bf3 {[%clk 1:00:43]}  Bxf3 {[%clk 1:09:53]} 28. Kxf3 {[%clk 1:00:54]}  Rdc8 {[%clk 1:10:14]} 29. Nd5 {[%clk 0:58:26]}  Kf8 {[%clk 1:06:45]} 30. Nf6 {[%clk 0:58:23]}  Rb7 {[%clk 1:06:17]} 31. Rd2 {[%clk 0:58:23]}  Ke7 {[%clk 1:05:26]} 32. Rfd1 {[%clk 0:58:26]}  Nh6 {[%clk 0:57:21]} 33. h3 {[%clk 0:58:11]}  b4 {[%clk 0:56:41]} 34. c4 {[%clk 0:56:59]}  Nf5 {[%clk 0:48:35]} 35. Rd7+ {[%clk 0:55:12]}  Rxd7 {[%clk 0:48:40]} 36. Rxd7+ {[%clk 0:55:36]}  Kf8 {[%clk 0:49:04]} 37. Ra7 {[%clk 0:54:36]}  Nd4+ {[%clk 0:47:04]} 38. Ke4 {[%clk 0:54:31]}  Rd8 {[%clk 0:44:55]} 39. Nd5 {[%clk 0:52:50]}  h4 {[%clk 0:37:18]} 40. g4 {[%clk 0:51:06]}  Ne2 {[%clk 0:36:50]} 41. Kf3 {[%clk 0:49:34]}  Nd4+ {[%clk 0:36:25]} 42. Ke3 {[%clk 0:48:49]}  Re8 {[%clk 0:36:01]} 43. Rxa6 {[%clk 0:48:34]}  g5 {[%clk 0:35:49]} 44. Nf6 {[%clk 0:47:04]}  gxf4+ {[%clk 0:34:07]} 45. Kxf4 {[%clk 0:41:28]}  Ne6+ {[%clk 0:33:34]} 46. Kf5 {[%clk 0:40:06]}  Rd8 {[%clk 0:33:15]} 47. Nd5 {[%clk 0:38:38]}  Kg7 {[%clk 0:31:58]} 48. Ra7 {[%clk 0:36:27]}  Nd4+ {[%clk 0:31:32]} 49. Ke4 {[%clk 0:36:22]}  Ne6 {[%clk 0:31:51]} 50. Kf5 {[%clk 0:33:39]}  Nd4+ {[%clk 0:32:04]} 51. Kg5 {[%clk 0:33:40]}  Nf3+ {[%clk 0:31:17]} 52. Kf4 {[%clk 0:33:29]}  Nd4 {[%clk 0:31:33]} 53. g5 {[%clk 0:33:21]}  Rh8 {[%clk 0:27:41]} 54. Ne7 {[%clk 0:32:10]}  Ne6+ {[%clk 0:24:29]} 55. Kg4 {[%clk 0:32:00]}  Rd8 {[%clk 0:24:39]} 56. Nf5+ {[%clk 0:31:43]}  Kg6 {[%clk 0:24:04]} 57. Nxh4+ {[%clk 0:31:58]}  Kg7 {[%clk 0:23:45]} 58. Nf5+ {[%clk 0:32:10]}  Kg6 {[%clk 0:23:42]} 59. h4 {[%clk 0:31:49]}  Rd2 {[%clk 0:23:46]} 60. h5+ {[%clk 0:32:03]}  Kh7 {[%clk 0:23:34]} 61. g6+ {[%clk 0:30:36]}  Kg8 {[%clk 0:23:42]} 62. Rxf7 {[%clk 0:30:13]}  Rxb2 {[%clk 0:21:58]} 63. Nh6+ {[%clk 0:30:25]}  Kh8 {[%clk 0:21:53]} 64. Rh7# {[%clk 0:30:51]} 1-0

[Event "45th FIDE Chess Olympiad Open"]
[Site "Budapest, Hungary"]
[Date "2024.09.22"]
[Round "11"]
[White "Mtsetfwa Philani"]
[Black "Dennis, Nathan"]
[Result "1-0"]
[Board "316"]
[WhiteFideId "20701730"]
[BlackFideId "14346877"]
[WhiteElo "1688"]
[BlackElo "1828"]
[WhiteTeam "Eswatini"]
[BlackTeam "Bermuda"]
[WhiteClock "0:54:42"]
[BlackClock "0:01:39"]
[Variant "Standard"]

1. d4 {[%clk 1:30:54]}  d5 {[%clk 1:30:06]} 2. Bf4 {[%clk 1:31:16]}  Nf6 {[%clk 1:28:37]} 3. e3 {[%clk 1:31:06]}  c5 {[%clk 1:22:33]} 4. c3 {[%clk 1:31:12]}  Nc6 {[%clk 1:22:23]} 5. Nf3 {[%clk 1:30:29]}  Qb6 {[%clk 1:19:41]} 6. Qb3 {[%clk 1:30:32]}  c4 {[%clk 1:19:59]} 7. Qc2 {[%clk 1:30:49]}  Bf5 {[%clk 1:19:04]} 8. Qxf5 {[%clk 1:26:35]}  Qxb2 {[%clk 1:19:11]} 9. Be2 {[%clk 1:26:21]}  e6 {[%clk 1:14:54]} 10. Qh3 {[%clk 1:21:19]}  Qxa1 {[%clk 1:14:35]} 11. O-O {[%clk 1:21:03]}  Qxa2 {[%clk 1:13:42]} 12. Nbd2 {[%clk 1:19:39]}  Ne4 {[%clk 1:08:55]} 13. Bxc4 {[%clk 1:17:09]}  Qc2 {[%clk 0:47:59]} 14. Nxe4 {[%clk 1:14:52]}  Qxe4 {[%clk 0:44:10]} 15. Bb5 {[%clk 1:08:09]}  Be7 {[%clk 0:30:01]} 16. Ne5 {[%clk 1:07:40]}  O-O {[%clk 0:30:06]} 17. Bd3 {[%clk 1:07:53]}  Nxe5 {[%clk 0:12:07]} 18. Bxe4 {[%clk 1:03:33]}  dxe4 {[%clk 0:10:29]} 19. Bxe5 {[%clk 1:03:19]}  Rfc8 {[%clk 0:07:02]} 20. Qg4 {[%clk 1:03:06]}  Bf8 {[%clk 0:07:26]} 21. Qxe4 {[%clk 1:02:49]}  b5 {[%clk 0:06:06]} 22. g4 {[%clk 0:59:22]}  a5 {[%clk 0:05:39]} 23. Qb7 {[%clk 0:57:32]}  b4 {[%clk 0:05:23]} 24. cxb4 {[%clk 0:57:45]}  Bxb4 {[%clk 0:05:44]} 25. d5 {[%clk 0:57:00]}  exd5 {[%clk 0:05:27]} 26. Rd1 {[%clk 0:55:50]}  Re8 {[%clk 0:04:13]} 27. Rxd5 {[%clk 0:55:35]}  Bf8 {[%clk 0:03:01]} 28. Rd7 {[%clk 0:55:41]}  f6 {[%clk 0:01:31]} 29. Bxf6 {[%clk 0:52:07]}  gxf6 {[%clk 0:01:28]} 30. Qd5+ {[%clk 0:52:27]}  Kh8 {[%clk 0:01:10]} 31. Qf7 {[%clk 0:52:47]}  Be7 {[%clk 0:00:47]} 32. Rxe7 {[%clk 0:53:07]}  Rxe7 {[%clk 0:01:11]} 33. Qxe7 {[%clk 0:53:34]}  a4 {[%clk 0:01:02]} 34. Qxf6+ {[%clk 0:53:54]}  Kg8 {[%clk 0:01:25]} 35. Qe6+ {[%clk 0:54:10]}  Kg7 {[%clk 0:01:26]} 36. Qd7+ {[%clk 0:54:22]}  Kh8 {[%clk 0:01:39]} 37. Qd4+ {[%clk 0:54:42]} 1-0

[Event "45th FIDE Chess Olympiad Open"]
[Site "Budapest, Hungary"]
[Date "2024.09.22"]
[Round "11"]
[White "Prudente, Elmer"]
[Black "Houssein, Mohamed Bilal"]
[Result "1-0"]
[Board "317"]
[WhiteFideId "31000690"]
[BlackFideId "32504241"]
[WhiteTitle "CM"]
[WhiteElo "1949"]
[BlackElo "1870"]
[WhiteTeam "Guam"]
[BlackTeam "Djibouti"]
[WhiteClock "0:14:52"]
[BlackClock "0:05:25"]
[Variant "Standard"]

1. e4 {[%clk 1:30:56]}  c5 {[%clk 1:30:53]} 2. Nf3 {[%clk 1:31:21]}  d6 {[%clk 1:31:17]} 3. d4 {[%clk 1:31:45]}  cxd4 {[%clk 1:31:44]} 4. Nxd4 {[%clk 1:32:10]}  Nf6 {[%clk 1:32:09]} 5. Nc3 {[%clk 1:32:33]}  a6 {[%clk 1:32:37]} 6. Be2 {[%clk 1:32:44]}  e5 {[%clk 1:33:02]} 7. Nb3 {[%clk 1:33:07]}  Be7 {[%clk 1:33:26]} 8. O-O {[%clk 1:33:11]}  Be6 {[%clk 1:33:43]} 9. Be3 {[%clk 1:33:09]}  Nbd7 {[%clk 1:33:52]} 10. f3 {[%clk 1:31:28]}  Rc8 {[%clk 1:32:20]} 11. Qd2 {[%clk 1:29:45]}  b5 {[%clk 1:29:18]} 12. Rad1 {[%clk 1:28:32]}  O-O {[%clk 1:29:11]} 13. Kh1 {[%clk 1:28:04]}  Qc7 {[%clk 1:28:12]} 14. a3 {[%clk 1:25:34]}  Nb6 {[%clk 1:25:43]} 15. Bxb6 {[%clk 1:23:53]}  Qxb6 {[%clk 1:26:05]} 16. Nd5 {[%clk 1:24:07]}  Nxd5 {[%clk 1:22:53]} 17. exd5 {[%clk 1:24:29]}  Bf5 {[%clk 1:21:08]} 18. Bd3 {[%clk 1:22:58]}  Bxd3 {[%clk 1:21:26]} 19. Qxd3 {[%clk 1:22:35]}  f5 {[%clk 1:21:02]} 20. f4 {[%clk 1:13:44]}  e4 {[%clk 1:16:45]} 21. Qd4 {[%clk 1:14:06]}  Qc7 {[%clk 1:15:46]} 22. c3 {[%clk 1:14:27]}  Bf6 {[%clk 1:15:15]} 23. Qe3 {[%clk 1:14:10]}  a5 {[%clk 1:06:00]} 24. Nd4 {[%clk 1:08:12]}  Bxd4 {[%clk 1:05:57]} 25. Rxd4 {[%clk 1:06:43]}  Qc5 {[%clk 1:02:26]} 26. Qd2 {[%clk 1:04:05]}  Rb8 {[%clk 1:01:44]} 27. Re1 {[%clk 0:59:27]}  Rfc8 {[%clk 0:57:41]} 28. g4 {[%clk 0:57:32]}  g6 {[%clk 0:57:40]} 29. Qg2 {[%clk 0:47:25]}  Kh8 {[%clk 0:57:50]} 30. Rg1 {[%clk 0:33:18]}  Rg8 {[%clk 0:57:31]} 31. Qh3 {[%clk 0:27:56]}  Rbf8 {[%clk 0:52:12]} 32. gxf5 {[%clk 0:19:10]}  gxf5 {[%clk 0:52:12]} 33. Rxg8+ {[%clk 0:19:18]}  Kxg8 {[%clk 0:51:13]} 34. Qh6 {[%clk 0:19:22]}  Qc7 {[%clk 0:44:26]} 35. Qe6+ {[%clk 0:16:04]}  Kh8 {[%clk 0:38:42]} 36. Rd1 {[%clk 0:14:15]}  Qd8 {[%clk 0:38:25]} 37. Rg1 {[%clk 0:10:08]}  Re8 {[%clk 0:16:48]} 38. Qf7 {[%clk 0:07:52]}  Rg8 {[%clk 0:14:02]} 39. Rxg8+ {[%clk 0:07:30]}  Qxg8 {[%clk 0:14:23]} 40. Qxf5 {[%clk 0:06:56]}  Qe8 {[%clk 0:12:38]} 41. Kg2 {[%clk 0:04:59]}  Kg7 {[%clk 0:28:58]} 42. Kf2 {[%clk 0:32:26]}  Qg6 {[%clk 0:26:07]} 43. Qd7+ {[%clk 0:30:21]}  Kh6 {[%clk 0:22:42]} 44. Qh3+ {[%clk 0:24:22]}  Kg7 {[%clk 0:22:42]} 45. Qg3 {[%clk 0:24:16]}  Kf6 {[%clk 0:20:43]} 46. Ke3 {[%clk 0:22:40]}  Qf5 {[%clk 0:11:47]} 47. Qg8 {[%clk 0:16:36]}  Qh3+ {[%clk 0:10:42]} 48. Kxe4 {[%clk 0:15:51]}  Qf5+ {[%clk 0:10:10]} 49. Ke3 {[%clk 0:16:11]}  Qh3+ {[%clk 0:09:09]} 50. Qg3 {[%clk 0:15:33]}  Qf1 {[%clk 0:08:22]} 51. Qh4+ {[%clk 0:14:18]}  Kg6 {[%clk 0:07:44]} 52. Qg5+ {[%clk 0:14:13]}  Kf7 {[%clk 0:08:02]} 53. Qf5+ {[%clk 0:14:30]}  Kg8 {[%clk 0:06:59]} 54. Qe6+ {[%clk 0:14:25]}  Kg7 {[%clk 0:07:06]} 55. Qe7+ {[%clk 0:14:34]}  Kg8 {[%clk 0:07:08]} 56. Qxd6 {[%clk 0:14:26]}  Qe1+ {[%clk 0:06:47]} 57. Kd4 {[%clk 0:14:34]}  Qf2+ {[%clk 0:06:19]} 58. Ke5 {[%clk 0:14:33]}  Qxh2 {[%clk 0:05:36]} 59. Qd8+ {[%clk 0:14:09]}  Kg7 {[%clk 0:05:27]} 60. Qf6+ {[%clk 0:14:16]}  Kg8 {[%clk 0:05:47]} 61. Ke6 {[%clk 0:14:11]}  Qh3+ {[%clk 0:05:22]} 62. Ke7 {[%clk 0:14:30]}  Qe3+ {[%clk 0:05:25]} 63. Qe6+ {[%clk 0:14:52]} 1-0

[Event "45th FIDE Chess Olympiad Open"]
[Site "Budapest, Hungary"]
[Date "2024.09.22"]
[Round "11"]
[White "Omar, Aden Omar"]
[Black "Tran, Tuan An"]
[Result "0-1"]
[Board "318"]
[WhiteFideId "32502125"]
[BlackFideId "31002706"]
[WhiteElo "1779"]
[BlackElo "1916"]
[WhiteTeam "Djibouti"]
[BlackTeam "Guam"]
[WhiteClock "0:18:11"]
[BlackClock "0:42:40"]
[Variant "Standard"]

1. e4 {[%clk 1:30:30]}  e6 {[%clk 1:31:00]} 2. d4 {[%clk 1:30:42]}  d5 {[%clk 1:31:25]} 3. Nd2 {[%clk 1:30:29]}  c5 {[%clk 1:31:49]} 4. c3 {[%clk 1:28:50]}  cxd4 {[%clk 1:32:13]} 5. cxd4 {[%clk 1:27:28]}  dxe4 {[%clk 1:32:37]} 6. Nxe4 {[%clk 1:27:28]}  Bd7 {[%clk 1:33:02]} 7. Bd3 {[%clk 1:22:03]}  Bc6 {[%clk 1:33:11]} 8. Nf3 {[%clk 1:21:54]}  Nd7 {[%clk 1:33:16]} 9. O-O {[%clk 1:20:48]}  Ngf6 {[%clk 1:33:18]} 10. Bg5 {[%clk 1:16:58]}  Be7 {[%clk 1:29:18]} 11. Ned2 {[%clk 1:07:15]}  Nd5 {[%clk 1:23:46]} 12. Bxe7 {[%clk 1:05:28]}  Qxe7 {[%clk 1:23:52]} 13. Nc4 {[%clk 1:03:46]}  Nf4 {[%clk 1:15:37]} 14. Nce5 {[%clk 0:59:26]}  Nxe5 {[%clk 1:14:09]} 15. Nxe5 {[%clk 0:57:28]}  Qg5 {[%clk 1:14:00]} 16. Qg4 {[%clk 0:50:14]}  Qxg4 {[%clk 1:10:39]} 17. Nxg4 {[%clk 0:50:15]}  Nxd3 {[%clk 1:11:03]} 18. f4 {[%clk 0:48:41]}  h5 {[%clk 1:08:33]} 19. Ne3 {[%clk 0:48:13]}  O-O-O {[%clk 1:08:24]} 20. f5 {[%clk 0:45:39]}  Rxd4 {[%clk 1:06:20]} 21. Rad1 {[%clk 0:43:03]}  Rhd8 {[%clk 1:02:16]} 22. Rd2 {[%clk 0:41:53]}  Ne5 {[%clk 0:58:48]} 23. Rc2 {[%clk 0:38:21]}  Rd2 {[%clk 0:57:23]} 24. Rf2 {[%clk 0:29:51]}  Rxc2 {[%clk 0:49:57]} 25. Rxc2 {[%clk 0:29:06]}  Ng4 {[%clk 0:50:10]} 26. Nxg4 {[%clk 0:28:35]}  hxg4 {[%clk 0:50:36]} 27. fxe6 {[%clk 0:27:53]}  f5 {[%clk 0:45:26]} 28. Kf2 {[%clk 0:26:39]}  Re8 {[%clk 0:44:03]} 29. b4 {[%clk 0:26:00]}  Kb8 {[%clk 0:44:13]} 30. Rc5 {[%clk 0:26:13]}  Rxe6 {[%clk 0:43:46]} 31. Rxf5 {[%clk 0:26:28]}  Rf6 {[%clk 0:43:21]} 32. Rxf6 {[%clk 0:26:51]}  gxf6 {[%clk 0:43:46]} 33. g3 {[%clk 0:27:10]}  Bd5 {[%clk 0:43:07]} 34. a3 {[%clk 0:25:40]}  Kc7 {[%clk 0:42:21]} 35. Ke3 {[%clk 0:24:36]}  b5 {[%clk 0:41:54]} 36. Kf4 {[%clk 0:24:03]}  Be6 {[%clk 0:42:13]} 37. Ke3 {[%clk 0:17:43]}  Kd6 {[%clk 0:42:19]} 38. Kd3 {[%clk 0:17:56]}  Kd5 {[%clk 0:42:26]} 39. Kd2 {[%clk 0:18:11]}  Kd4 {[%clk 0:42:40]} 0-1